STUDYING LAW (Record no. 43)

MARC details
000 -LEADER
fixed length control field 00502nam a22001577a 4500
008 - FIXED-LENGTH DATA ELEMENTS--GENERAL INFORMATION
fixed length control field 110406t xxu||||| |||| 00| 0 eng d
020 ## - INTERNATIONAL STANDARD BOOK NUMBER
International Standard Book Number 0406512701
082 ## - DEWEY DECIMAL CLASSIFICATION NUMBER
Edition number 22
Classification number 340.07
100 ## - MAIN ENTRY--PERSONAL NAME
Personal name KENNY, PHILLIP H
9 (RLIN) 123
245 ## - TITLE STATEMENT
Title STUDYING LAW
Statement of responsibility, etc PHILLIP H KENNY
250 ## - EDITION STATEMENT
Edition statement 2nd ed.
260 ## - PUBLICATION, DISTRIBUTION, ETC. (IMPRINT)
Place of publication, distribution, etc LONDON, UK
Name of publisher, distributor, etc BUTTERWORTH & CO (PUBLISHERS) LTD
Date of publication, distribution, etc 1991
300 ## - PHYSICAL DESCRIPTION
Extent ix,183
Dimensions 13
Type of unit BOOK
942 ## - ADDED ENTRY ELEMENTS (KOHA)
Source of classification or shelving scheme Dewey Decimal Classification
Item type Books
Holdings
Withdrawn status Lost status Source of classification or shelving scheme Damaged status Not for loan Home library Current library Shelving location Date acquired Total Checkouts Full call number Barcode Date last seen Price effective from Koha item type
    Dewey Decimal Classification     Law Development Centre Main Library Law Development Centre Main Library Text Books and Laws 04/06/2011   340.07 KEN 20200 04/06/2011 04/06/2011 Books